000 01639nam a2200217Ia 4500
003 Ost
005 20260507075648.0
008 260507s9999||||xx |||||||||||||| ||und||
020 _a5126029957
040 _cfsecg
041 _aara
082 _a338.9
100 _aقندح، عدلي شحادة
_eمؤلف
245 0 _aالتخاصية :
_bأحدث نماذج التنمية الإقتصادية /
_c عدلي شحادة قندح
260 _aعمان:
_bدار مجدلاوي للنشر,
_c2003
300 _a214 صفحة؛
_bإيضاحات ؛
_c24 سم
520 _aالتخاصية المفهوم والمبررات والعوامل التي أفرزت التنمية- تطور الإطارين التشريعي والمؤسسي لعملية التخاصية- أساليب التخاصية المتبعة وأسس اختيارها- الإطار التنظيمي للقطاعات الإقتصادية الخاضعة لبرنامج التخاصية- الآثار الاولية لعملية التخاصية- استخدام عوائق التخاصية- التخاصية وشبكة الامان الإجتماعي- التخاصية وسوق الاوراق المالية- معالجة مديونية المؤسسات العامة الخاضعة لبرنامج التخاصية- السهم الذهبي- دور صندوق النقد الدولي والبنك الدولي في عملية التخاصية- قاموس المصطلحات الإقتصادية والقانونية المتعلقة بعملية التخاصية.
653 _aالتخاصية
653 _aالتنمية الإقتصادية
942 _cكتاب
999 _c45532
_d45532